Countries Divided Into Parishes - Statistics

General Stats
  • This quiz has been taken 16 times
  • The average score is 6 of 8
Answer Stats
Country % Correct
Saint Vincent and the Grenadines
83%
Andorra
75%
Barbados
75%
Saint Kitts and Nevis
75%
Antigua and Barbuda
67%
Grenada
67%
Jamaica
67%
Dominica
58%
No matching quizzes found
Score Distribution
Percent of People with Each Score
Percentile by Number Answered
Your Score History
You have not taken this quiz